01195 a2200181 45000010006000000050017000060080041000230030015000640400040000790800039001192450096001580200022002542640055002763000019003315050539003501000025008898560099009144750220260407155742.0260407a2007 arg spa dAR-UNSa-BCEJYS aAR-UNSa-BCEJYSbspacAR-UNSa-BCEJYS a331.101.26xEconomía del trabajo10aTeorías económicas sobre el mercado de trabajopII. Nepclásicos y nuevos Keynesia nos a978-950-557-710-1 1aBuenos Aires :bFondo de Cultura Económicac2007 a307 p.c23 cm. a1. La teoría neoclásica ortodoxa y su interpretación del mercado laboral / Julio César Neffa - 2. Teoría de la búsqueda de empleo / Ramiro López Ghio - 3. La teoría del ciclo real de los negocios y su interpretación sobre el mercado laboral / Fernando Toledo - 4. La inversión en capital humano: sus efectos sobre las retribuciones / Julieta Albano y Julieta M. A. Salas - 5. Los nuevos economistas keynesianos y su interpretación sobre el mercado de trabajo / Pablo E. Pérez, Julieta Albano y Fernando Toledo.1 aNeffa, Julio César41uhttps://www.biblioeco.unsa.edu.ar/pmb/images/libros/L127538.jpgyImagen de portadaqimage/jpeg